000
00480nam a2200181Ia 4500
008
090124s9999 xx 000 0 und d
082
_b
111630
100
_a
सुर्वे प.गं.
245
_a
आवड - निवड
250
_a
1
260
_c
1966
300
_a
163
600
_a
सुर्वे प.गं.
630
_a
आवड - निवड
700
_a
सुर्वे प.गं.
730
_a
आवड - निवड
942
_c
BOOK
999
_c
157721
_d
157721